000 00275nam a2200109Ia 4500
008 221009s9999 xx 000 0 und d
082 _a934/GOY
100 _aGoyal, S R
_91641
245 2 _aA Religious History Of Ancient India
260 _bKusumanjali Prakashan
942 _cBK
999 _c64782
_d64782